[Event "Negros Open 2017"]
[Site "Bacolod City"]
[Date "2017.10.14"]
[Round "4"]
[White "Nguyen, Duc Hoa"]
[Black "Mangao, Danmaersk"]
[Result "1-0"]
[WhiteElo "2499"]
[BlackElo "2146"]
[Annotator "TA"]
[PlyCount "77"]
[EventDate "2017.??.??"]
[EventType "swiss"]
[EventCountry "PHI"]
[SourceTitle "playchess.com"]
[Source "ChessBase"]
[SourceQuality "1"]

{[%evp 18,77,65,57,60,45,57,0,56,44,59,52,50,27,28,10,15,20,18,-27,7,0,0,7,2,0,0,0,97,82,80,31,22,21,197,210,206,196,200,162,489,448,629,631,612,585,549,510,595,559,1843,1739,1564,1427,1543,1114,12839,12840,12840,12841,12840,12841]} 1. d4 Nf6 2. c4 g6 3. Nf3 Bg7 4. g3 O-O 5. Bg2 d6 6. O-O c5 7. d5 Bg4 8. h3 Bxf3 9. exf3 Na6 10. Nc3 Nc7 {E64: King's Indian: Fianchetto: 6...c5 7 d5} 11. f4 (11. Re1 Rb8 12. a4 b6 13. f4 a6 14. Qd3 e6 15. dxe6 fxe6 16. Bd2 d5 17. Re2 Qd7 18. h4 {1-0 (41) Vazquez Igarza,R (2566)-Arribas Lopez,A (2487) Madrid 2012}) 11... a6 12. a4 (12. Be3 $14) 12... b6 $146 (12... b5 $11) ({Predecessor:} 12... b5 13. axb5 axb5 14. Rxa8 Qxa8 15. cxb5 Qa5 16. Re1 Re8 17. Bf1 Nfxd5 18. Nxd5 Nxd5 {1-0 (58) Budisin,S (2147)-Al Saleh,M (1951) Germany 2007}) 13. Re1 Re8 14. Ra3 Rb8 15. Rb3 Qd7 16. g4 {[%cal Bg3g4,Bg4g5][%mdl 32]} b5 17. g5 Nh5 18. Bf3 Bxc3 ({But not} 18... bxa4 $6 19. Bg4 $14) ({Of course not} 18... Qxh3 $6 19. axb5 Bxc3 20. Rxc3 $16) 19. Bg4 Qd8 20. Rxc3 Ng7 21. b3 bxa4 22. bxa4 Nf5 (22... e6 $11 {keeps the balance.}) 23. Bxf5 $16 gxf5 24. Bd2 {[%cal Bc1d2,Bd2a5,Ba5c7][%mdl 32] Threatens to win with Rce3.} e6 25. Rce3 {And now Ba5 would win.} Qd7 $2 (25... exd5 $11 {and Black is okay.} 26. Rxe8+ Nxe8) 26. Ba5 $18 Rbc8 {[#] Now ...exd5 and Black clings on.} 27. Bxc7 $1 Rxc7 28. dxe6 fxe6 $2 {[#]} (28... Rxe6 29. Qd5 Rxe3 30. Rxe3 Qc6) 29. Rxe6 $1 {[%mdl 512] White is clearly winning.} Qxe6 (29... Rxe6 $142 30. Qd5 Qf7 31. Rxe6 Rd7 32. Qa8+ Kg7) 30. Rxe6 Rxe6 {[%mdl 4096] Endgame KQ-KRR} 31. Qd5 Rce7 32. Qxf5 Re1+ 33. Kg2 Rd1 34. Qc8+ Kf7 35. f5 Re5 36. Qh8 Rxf5 37. Qxh7+ Ke6 38. Qg6+ Ke5 39. Qe8+ {Precision: White = 39%, Black = 42%.} 1-0

[Event "Negros Open 2017"]
[Site "Bacolod City"]
[Date "2017.10.14"]
[Round "4"]
[White "Dableo, Ronald"]
[Black "Garma, Chito"]
[Result "1-0"]
[WhiteElo "2419"]
[BlackElo "2327"]
[Annotator "TA"]
[PlyCount "63"]
[EventDate "2017.??.??"]
[EventType "swiss"]
[EventCountry "PHI"]
[SourceTitle "playchess.com"]
[Source "ChessBase"]
[SourceQuality "1"]

{[%evp 16,63,0,-7,0,-2,38,33,34,29,113,41,35,43,62,56,66,52,68,65,133,129,183,185,295,304,433,445,431,424,484,307,494,232,1233,1228,1210,1201,1201,1186,1134,864,5639,4653,2070,2333,29977,29979,29997,29998]} 1. g3 d5 2. Bg2 Nf6 3. Nf3 e6 4. O-O Be7 5. d3 O-O 6. c3 b6 {A07: Réti Opening: New York and Capablanca Systems} 7. Nbd2 Bb7 8. Qc2 Nbd7 9. Re1 {LiveBook: 4 Games} c5 (9... Re8 10. b3 a5 11. a4 e5 12. Bb2 c5 13. e4 d4 14. Nc4 Bf8 15. h3 Ba6 16. Ncd2 Rc8 {0-1 (99) Harika,D (2539)-Tan,Z (2502) Teheran 2017}) 10. e4 c4 11. dxc4 dxe4 $146 ({Predecessor:} 11... Nxe4 12. Nxe4 dxe4 13. Nd4 Nc5 14. Rd1 Qc8 15. b3 {0-1 (50) Kopjonkin,G (2355)-Kostin,A Eger 1994}) 12. Ng5 {[%cal Rd2e4]} e3 (12... Ne5 $11 {remains equal.}) 13. Rxe3 (13. Bxb7 $16 Rb8 14. Bf3 (14. Rxe3 Rxb7 15. b3 Qc7 $14) 14... exd2 15. Bxd2) 13... Bxg2 $14 14. Kxg2 Qc7 15. Ngf3 Rfd8 16. h3 h5 17. b3 h4 (17... a6 $14) 18. Nxh4 $16 Bc5 {[#]} (18... b5 $16 {might work better.}) 19. Re2 $1 $18 g5 (19... Be7 $142 20. Ndf3 Qb7) 20. Nhf3 g4 (20... Qb7 $142 21. Ne4 Nxe4) 21. hxg4 Nxg4 22. Ne4 Kg7 23. Neg5 {Intending Qh7+ and mate.} Rh8 $2 {[#]} (23... Ndf6 24. Bf4 Qb7) 24. Rxe6 (24. Nxf7 $142 $1 {[%mdl 512]} Ndf6 (24... Kxf7 25. Ng5+) 25. Nxh8 Rxh8 26. Bg5) 24... Bxf2 $2 {[#]} (24... Ndf6) 25. Rg6+ $1 {[%cal Be6g6,Bg6g4,Bg4f4,Bf4f6,Bf6f7][%mdl 544]} Kf8 {[#]} (25... fxg6 26. Ne6+) 26. Ne6+ $1 {[%mdl 512]} fxe6 27. Rxg4 Nf6 28. Rf4 Bxg3 29. Rxf6+ Ke7 30. Qg6 {White threatens Qg7+ and mate.} Rag8 31. Rf7+ Kd6 32. Ba3+ {Precision: White = 60%, Black = 14%.} 1-0

[Event "Negros Open 2017"]
[Site "Bacolod City"]
[Date "2017.10.14"]
[Round "4"]
[White "Antonio, Rogelio Jr"]
[Black "Montoya, Edsel"]
[Result "1-0"]
[WhiteElo "2365"]
[BlackElo "2262"]
[Annotator "TA"]
[PlyCount "131"]
[EventDate "2017.??.??"]
[EventType "swiss"]
[EventCountry "PHI"]
[SourceTitle "playchess.com"]
[Source "ChessBase"]
[SourceQuality "1"]

{[%evp 23,131,0,0,0,0,0,0,2,9,0,-7,-3,0,0,6,-26,0,-10,29,24,21,29,37,31,49,26,14,19,13,10,21,0,43,20,47,41,45,22,30,14,13,25,16,12,12,14,27,14,20,20,15,0,0,0,53,0,108,0,17,20,20,23,36,4,12,0,102,96,76,70,227,203,246,245,244,238,316,287,312,221,352,344,400,382,392,368,378,350,410,405,497,477,715,692,729,708,679,586,1131,1073,1055,910,1304,1089,12837,5501,12843,12843,12844,12840]} 1. e4 e5 2. Nf3 Nc6 3. Nc3 Nf6 4. d4 exd4 5. Nxd4 Bb4 6. Nxc6 bxc6 7. Bd3 O-O 8. O-O d5 9. exd5 cxd5 10. Bg5 c6 11. Qf3 Bd6 12. Bxf6 Qxf6 13. Qxf6 {C47: Scotch Four Knights and Four Knights with 4 g3} gxf6 14. Ne2 Rb8 15. b3 {The position is equal.} c5 (15... Re8 16. Rad1 Bg4 17. f3 Bf5 18. Bxf5 Rxe2 19. Bd3 Re3 20. Rfe1 Rxe1+ 21. Rxe1 {½-½ (30) Wang,C (2500)-Lysyj,I (2691) China 2015}) 16. Rad1 Be6 17. Ng3 Rfd8 18. Bf5 Rb6 19. f4 $146 ({Predecessor:} 19. Rd3 Ra6 20. a4 Rb8 {1-0 (30) Hort,V-Portisch,L Monte Carlo 1968}) 19... Rb4 20. Rfe1 Bxf4 21. Bxe6 fxe6 22. Rxe6 Kf7 23. Ra6 Rd7 24. Kf2 Be5 25. Ne2 Rb6 26. Ra4 Rb4 27. Ra6 Rh4 28. h3 Rh5 29. Rd3 Bc7 30. Rc6 Re5 31. Re3 Bb6 {Threatens to win with ...c4.} 32. Rxe5 fxe5 $11 {[%mdl 4096] Endgame KRB-KRN} 33. Nc3 c4+ 34. Ke2 d4 35. Ne4 d3+ $1 36. cxd3 cxd3+ 37. Kd2 Ba5+ 38. Kd1 Bb6 ({Better is} 38... Bb4 $11) 39. g4 (39. Ng5+ $14 Kg7 40. Re6) 39... Ke7 (39... Be3 $11) 40. h4 (40. Ng5 $1 $16) 40... Rd4 41. Rc4 $1 {[%cal Rc4d4] White wants to play Rxd4.} Rd8 42. Kd2 h6 43. b4 Ke6 44. a4 Rg8 (44... Rf8 $1 $11 {remains equal.}) 45. Kxd3 $16 {Black must now prevent Rc6+.} Rd8+ {[#]} 46. Kc2 $1 Kd5 $2 {[#]} (46... Bd4 $1 $14) 47. Kb3 $1 $18 Rf8 48. Nc3+ Kd6 49. b5 Rf3 50. Rc6+ Kd7 51. Kc2 ({Much less strong is} 51. Rxh6 Bd4 $18) 51... Bd4 (51... Rf4 $142 52. Nd5 (52. Rxh6 Rxg4 53. Nd5 Bd8 $18) 52... Rd4) 52. Ne4 Ke7 53. Rxh6 Rf4 54. Kd3 Rxg4 55. h5 {[%cal Bh4h5,Bh5h6,Bh6h7][%mdl 32]} Rh4 56. a5 Kf8 57. Ng5 {White is clearly winning.} Ke7 (57... Bg1 $142 58. Rh7 Ra4 59. Rf7+ Ke8) 58. Re6+ Kd7 59. h6 Bb2 60. Rg6 Bc1 61. Rg7+ Kd6 62. Ne4+ Kd5 63. h7 Rh3+ 64. Rg3 Rh4 65. b6 axb6 66. a6 {Precision: White = 61%, Black = 39%.} 1-0

[Event "Negros Open 2017"]
[Site "Bacolod City"]
[Date "2017.10.16"]
[Round "5"]
[White "Short, Nigel D"]
[Black "Antonio, Rogelio Jr"]
[Result "1/2-1/2"]
[WhiteElo "2698"]
[BlackElo "2365"]
[Annotator "TA"]
[PlyCount "61"]
[EventDate "2017.??.??"]
[EventType "swiss"]
[EventCountry "PHI"]
[SourceTitle "playchess.com"]
[Source "ChessBase"]
[SourceQuality "1"]

{[%evp 12,61,16,9,16,-26,2,0,18,17,18,16,8,13,4,0,0,-22,-38,-44,-43,-32,-29,-82,-25,-36,-39,-64,0,-94,-78,-104,-90,-100,-100,-100,-80,-87,-89,-87,-93,-93,-92,-83,-76,-112,-106,-113,-90,-90,-57,-125]} 1. c4 e5 2. Nc3 Nc6 3. Nf3 Nf6 4. e3 d5 5. cxd5 Nxd5 6. Qc2 Be7 7. a3 Nxc3 {A28: English Opening: Four Knights Variation} 8. dxc3 (8. bxc3 {keeps more tension.} Bg4 9. Be2 Qd5 10. h3 Bh5 11. e4) 8... O-O 9. Bd3 (9. b4 {is interesting.} a6 10. Be2 f5 11. O-O Qe8 12. Bb2) 9... Kh8 $146 {The position is equal.} ({Predecessor:} 9... f5 10. e4 f4 11. Bc4+ Kh8 12. b4 Qd6 13. Bb2 Qg6 14. Rg1 Bd6 15. O-O-O {1-0 (76) Iturrizaga Bonelli,E (2653)-Aravindh,C (2467) Riga 2014}) 10. b4 (10. Bxh7 $2 f5 $19) 10... a6 11. Bb2 ({But not} 11. Bxh7 $2 f5 $19) 11... f5 {...e4 is the strong threat.} 12. e4 {[%cal Re4f5]} f4 13. Bc4 Qe8 14. O-O-O Bf6 15. h4 Bg4 16. Rd3 Qh5 17. Nd2 {[#]} (17. Bd5 $11) 17... Rad8 (17... Be2 $1 $17 18. Rd5 Bxc4 19. Nxc4 Ne7) 18. Nb3 Rxd3 19. Bxd3 Rd8 ({Black should play} 19... Qf7 $15) 20. Kb1 (20. f3 $11 Bc8 21. Qe2) 20... Be7 $17 ({Worse is} 20... Bxh4 21. g3 $16) 21. a4 Qf7 {Threatens to win with ...f3.} ({Not} 21... Bxh4 {[#]} 22. g3 $1 $16 {[%mdl 512]}) 22. Nc1 Be6 23. Be2 a5 24. b5 Nb8 25. c4 Nd7 26. Nb3 {[%cal Bc1b3,Bb3d2,Bd2f3][%mdl 32]} b6 27. h5 h6 28. Rd1 Bd6 29. Nd2 Re8 30. Nf3 Qf6 31. g3 {Precision: White = 43%, Black = 60%.} (31. g4 $15) 1/2-1/2

[Event "Negros Open 2017"]
[Site "Bacolod City"]
[Date "2017.10.16"]
[Round "5"]
[White "Grigoryan, Karen H"]
[Black "Abelgas, Roel"]
[Result "1-0"]
[WhiteElo "2586"]
[BlackElo "2301"]
[Annotator "TA"]
[PlyCount "63"]
[EventDate "2017.??.??"]
[EventType "swiss"]
[EventCountry "PHI"]
[SourceTitle "playchess.com"]
[Source "ChessBase"]
[SourceQuality "1"]

{[%evp 14,63,20,52,156,148,151,125,164,98,137,70,77,79,100,100,110,110,174,176,168,126,199,202,202,180,209,146,222,214,285,231,459,441,423,429,408,397,468,464,433,439,590,589,577,572,625,622,618,576,710,700]} 1. d4 Nf6 2. Bg5 Ne4 3. Bf4 d5 4. e3 c5 5. Bd3 Nc6 (5... Nf6 6. c3 Qb6 7. Qc1 Nc6 8. Nd2 Bg4 9. h3 Bh5 10. Ngf3 Rc8 11. dxc5 Qxc5 12. O-O e6 13. Nd4 Be7 {0-1 (88) Andreikin,D (2743)-Amonatov,F (2614) Almaty 2016}) 6. Bxe4 {A45: Damenbauernspiele (Trompowski-Angriff)} dxe4 7. d5 Nb4 8. Nc3 {LiveBook: 20 Partien. Die Stellung ist ausgeglichen.} Qa5 (8... e6 $14) 9. a3 $1 $16 {[%cal Ra3b4]} Na6 10. Qd2 Bf5 $146 ({Vorgänger:} 10... Qb6 11. Rb1 Bf5 12. Nge2 Rd8 13. Ng3 {1-0 (22) Markovic,N (1946)-Kovacevic,B (1882) Belgrade 2009}) 11. O-O-O ({Besser ist} 11. f3 $18) 11... O-O-O 12. Nxe4 (12. Nge2 $16) 12... Nb4 $1 $14 13. Nxc5 Na2+ 14. Kb1 Qxc5 15. f3 g5 (15... e5 $16) 16. Be5 $1 $18 {[%cal Re5h8,Bf4e5,Be5d4,Bd4a7][%mdl 32]} f6 17. Bd4 Qc4 (17... Qxd5 $16 18. e4 Bxe4 $1 {[%mdl 512]}) 18. e4 e5 19. Bxa7 Bxa3 20. Qd3 (20. exf5 Nb4 $14) 20... Qa4 (20... Qb4 $16 {ist eine bessere Verteidigung.} 21. Qb3 (21. Qxa3 Qxa3 22. bxa3 Nc3+ 23. Kc1 Nxd1 $11) 21... Qxb3 22. cxb3 Bg6) 21. exf5 ({Nur nicht} 21. bxa3 $2 {[#]} Rxd5 $3 {[%mdl 512]} 22. exd5 Bxd3 $19) 21... Be7 22. Ne2 Rd6 $2 (22... Qxa7 {war angesagt.} 23. Qc4+ Kb8) 23. Qa3 Qxa3 24. bxa3 Ra6 25. d6 ({Schwächer ist} 25. Kxa2 Rxa3+ 26. Kb2 Rxa7 $18) 25... Bxd6 26. Kxa2 {Weiß steht klar auf Gewinn.} Bxa3 27. Bg1 Kb8 28. Kb3 Bd6 29. Bf2 Rc8 30. Ra1 Rac6 31. Rhd1 b6 {[#]} 32. c4 $1 {Precision: Weiß = 84%, Schwarz = 32%.} 1-0

[Event "Negros Open 2017"]
[Site "Bacolod City"]
[Date "2017.10.16"]
[Round "5"]
[White "Nguyen, Duc Hoa"]
[Black "Narayanan, Srinath"]
[Result "1/2-1/2"]
[WhiteElo "2499"]
[BlackElo "2511"]
[Annotator "TA"]
[PlyCount "62"]
[EventDate "2017.??.??"]
[EventType "swiss"]
[EventCountry "PHI"]
[SourceTitle "playchess.com"]
[Source "ChessBase"]
[SourceQuality "1"]

{[%evp 21,62,-1,0,0,0,0,25,29,18,15,49,56,56,43,39,44,41,35,52,33,32,28,27,42,34,29,32,30,43,41,37,21,16,22,22,16,64,64,70,16,14,1,2]} 1. e4 e5 2. Nf3 Nc6 3. Nc3 Nf6 4. d4 exd4 5. Nxd4 Bb4 6. Nxc6 bxc6 7. Bd3 O-O 8. O-O Re8 9. Qf3 Rb8 10. h3 {C47: Scotch Four Knights and Four Knights with 4 g3} Bd6 11. b3 (11. Rb1 Be5 12. Bf4 d6 13. Bxe5 Rxe5 14. b3 Nd7 15. Na4 Qg5 16. Qe2 Qf4 17. g3 Qh6 {0-1 (40) Karjakin,S (2762)-Aronian,L (2784) Berlin 2015}) 11... Be5 {LiveBook: 3 Games} 12. Bd2 d5 $146 {[#] ...dxe4 is the strong threat.} ({Predecessor:} 12... d6 13. Rae1 Nd7 {½-½ (13) Aroshidze,L (2535)-Bachmann,A (2623) Figueres 2015}) 13. Rae1 Qd6 14. exd5 cxd5 15. Nb5 Qc5 16. b4 Qb6 17. Bc3 Bxc3 18. Rxe8+ Nxe8 19. Nxc3 c6 20. a3 a5 21. Re1 {[%cal Re1e8]} Nf6 22. Na4 Qa7 23. Qf4 {Black must now prevent Qd6.} axb4 24. axb4 $40 {[%mdl 128] Black needs to defend precisely.} Bd7 25. Nc5 Re8 26. Rd1 Qb8 27. Qd4 Bc8 28. Ra1 Nd7 29. Nxd7 Bxd7 {[#]} 30. f4 (30. b5 $1 $14 {[%mdl 512]}) 30... g6 31. c3 Qc8 {Precision: White = 67%, Black = 58%.} 1/2-1/2

[Event "Negros Open 2017"]
[Site "Bacolod City"]
[Date "2017.10.16"]
[Round "5"]
[White "Montoya, Edsel"]
[Black "Asuela, Ellan"]
[Result "1-0"]
[WhiteElo "2262"]
[BlackElo "2275"]
[Annotator "TA"]
[PlyCount "125"]
[EventDate "2017.??.??"]
[EventType "swiss"]
[EventCountry "PHI"]
[SourceTitle "playchess.com"]
[Source "ChessBase"]
[SourceQuality "1"]

{[%evp 22,125,-8,-13,-4,-52,-16,-18,-12,-13,0,0,0,0,102,104,91,103,109,66,70,66,65,39,39,30,62,67,95,62,98,48,78,61,120,121,156,135,141,133,162,152,158,93,93,87,91,93,110,0,32,21,96,96,144,95,157,138,245,221,216,217,356,366,349,356,400,393,450,258,258,0,427,451,527,467,1077,455,407,418,1178,1322,985,976,860,862,3722,3907,2809,2686,1620,1550,2791,2314,29969,29971,29971,29972,6490,6382,29978,29979,29980,29978,29980,29977]} 1. c4 c5 2. Nc3 Nc6 3. Nf3 g6 4. e3 Nf6 5. d4 cxd4 6. exd4 d5 7. Be2 Bg7 8. h3 O-O 9. O-O dxc4 10. Bxc4 Na5 11. Be2 Be6 12. Re1 Rc8 {D94: Grünfeld: 4 Nf3 Bg7 5 e3} 13. Bf1 (13. Bg5 h6 14. Bh4 Nc4 15. Bxc4 Bxc4 16. Ne5 Qd6 17. Bg3 Qb6 18. Na4 Qd8 19. Nxc4 Rxc4 20. Be5 {½-½ (39) Horvath,J (2539)-Bernasek,J (2506) Austria 2012}) 13... Bc4 14. Bxc4 Nxc4 {The position is equal.} 15. Qa4 $146 ({Predecessor:} 15. Qe2 e6 16. Rd1 Nd5 17. Nxd5 Qxd5 18. b3 Nd6 19. Ba3 Rfd8 20. Bxd6 Qxd6 {1-0 (31) Galic,K (2104)-Stojkovic,J (2131) Grubisno Polje 2014}) 15... a6 16. Qb4 Nd6 17. Bf4 Qd7 {[#]} (17... Nb5 $11 {remains equal.} 18. Bd2 (18. Qxe7 Qxe7 19. Rxe7 Nxc3 $17) (18. Rxe7 $2 Nxc3 19. Qd6 Nfd5 $19) (18. Nxb5 Nd5 $11) 18... Nd6) 18. Rxe7 $1 $16 {[%mdl 512]} Qxe7 19. Bxd6 Qd7 20. Bxf8 Bxf8 21. Qb3 b5 22. a3 Bd6 23. Re1 Qf5 24. Ne5 Rc7 25. Re3 Kg7 26. Qd1 Re7 {[%cal Rd6e5]} 27. Qe2 Bxe5 ({Black should play} 27... Rc7 $14) 28. dxe5 Nd7 {[%cal Re7e5]} 29. g4 Qe6 30. f4 Nb6 31. Qf3 {Black must now prevent f5.} f5 32. exf6+ (32. gxf5 $142 Qxf5 33. Re2) 32... Qxf6 33. Rxe7+ Qxe7 34. Kg2 Nc4 35. Nd5 (35. b3 $16 Nd6 36. Qd3) 35... Qe1 36. Qd3 $36 {[%mdl 2048] White is more active.} Kf7 (36... Qe6 $1 $11 {keeps the balance.} 37. Qd4+ Kf7) 37. b3 Nxa3 38. Nc7 Qe7 (38... Nb1 $142) 39. Qd5+ ({And not} 39. Nxa6 Qb7+ 40. Kg3 Qxa6 $11) 39... Kg7 (39... Kf6 $16 {keeps fighting.}) 40. Ne6+ $18 ({Weaker is} 40. Nxa6 Qe2+ 41. Kg1 Qe3+ 42. Kg2 Qe2+ 43. Kg1 Qe1+ 44. Kg2 Qe2+ $11) 40... Kf7 41. Nd4+ Kg7 (41... Kf8 $142 42. f5 Kg7 43. Ne6+ Kf7) 42. f5 Nc2 {[#] Strongly threatening ...Ne3+.} 43. f6+ $1 {[%mdl 512]} Qxf6 {aiming for ...Ne3+.} 44. Nxc2 Qe7 45. Qd4+ (45. Nd4 $142) 45... Kg8 46. Qd5+ $2 (46. b4) 46... Kg7 {intending ...Qe2+.} 47. Nd4 Qe3 48. Nf3 Qc1 (48... Qe2+ $142 49. Kg3 Qe7 50. Qd4+ Kg8 51. Qd5+ Kg7 52. Qd4+ Kg8 53. Qd5+ Kg7) 49. h4 (49. Qd4+ $142 Kg8 50. Qd8+ Kg7 51. Qe7+ Kg8 52. Ng5 Qd2+ 53. Kg3 Qd3+ 54. Kh4) 49... Qc2+ 50. Kg3 Qc1 (50... Qc7+ $142 51. Kg2 Qc2+ 52. Kh3 Qc7 53. Qd4+ Kg8) 51. Qb7+ Kg8 52. Qxa6 Qc7+ 53. Kh3 Qf7 54. Qc8+ Kg7 55. Qc3+ Kg8 56. Kg3 Qe6 57. Qd3 Qb6 58. Qd5+ Kf8 59. Qd4 Qe6 60. Qh8+ Ke7 61. Qxh7+ {White mates.} Kd6 62. b4 Kd5 63. Qc7 {Precision: White = 63%, Black = 26%.} 1-0

[Event "Negros Open 2017"]
[Site "Bacolod City"]
[Date "2017.10.16"]
[Round "5"]
[White "Emperado, Emmanuel"]
[Black "Dableo, Ronald"]
[Result "1/2-1/2"]
[WhiteElo "2232"]
[BlackElo "2419"]
[Annotator "TA"]
[PlyCount "171"]
[EventDate "2017.??.??"]
[EventType "swiss"]
[EventCountry "PHI"]
[SourceTitle "playchess.com"]
[Source "ChessBase"]
[SourceQuality "1"]

{[%evp 9,171,18,53,55,61,46,64,47,52,52,74,57,75,36,48,45,84,79,104,104,108,112,133,123,125,67,67,74,85,56,61,0,64,49,62,52,59,52,52,37,68,63,60,47,63,63,57,36,19,0,0,-2,-2,-3,-2,-2,0,-2,-8,0,0,0,2,9,27,0,0,0,0,0,0,0,0,0,0,0,0,0,0,0,0,0,14,13,13,0,0,0,0,0,0,0,0,0,0,0,0,0,0,0,0,0,0,0,0,0,0,0,0,0,0,0,0,0,0,0,0,0,0,0,0,0,0,0,0,0,0,0,0,0,0,0,0,0,0,0,0,0,0,0,0,0,0,0,0,0,0,0,0,0,0,0,0,0,0,0,0,0,0,0,0,0,0,0]} 1. c3 d5 2. d4 c6 3. Bf4 g6 (3... Bf5 4. e3 e6 5. Nf3 Nf6 6. h3 h6 7. Nbd2 Nbd7 8. Qb3 Qb6 9. Be2 Ne4 10. O-O Nxd2 11. Nxd2 Be7 12. c4 Qxb3 13. axb3 Bb4 {½-½ (63) Kamsky,G (2741)-Nguyen,N (2625) Khanty-Mansiysk 2013}) 4. Nd2 Bg7 5. e4 Nd7 6. Ngf3 {D00: 1 d4 d5: Unusual lines} Nh6 7. Bd3 O-O 8. O-O $146 {White is slightly better.} ({Predecessor:} 8. exd5 cxd5 9. O-O f6 10. Qb3 Nb6 {0-1 (29) Racz,P-Sardy,P (2235) Hungary 2000}) 8... dxe4 9. Nxe4 Nf5 10. Re1 Nf6 11. Nxf6+ exf6 12. Qb3 g5 13. Qc2 Qd7 14. Bc1 h6 15. b3 Rd8 16. Ba3 Bf8 17. Bxf8 (17. Bb2 $16) 17... Kxf8 $14 18. Rad1 Ng7 19. Bc4 Qf5 $1 {[%cal Rf5c2]} 20. Bd3 (20. Qb2 $14 Be6 21. Bd3) 20... Qf4 ({Black should try} 20... Qd7 $11) 21. Re4 Qd6 22. Re3 Be6 23. Nd2 f5 24. Rde1 Rac8 25. Nc4 Qe7 26. Re5 Qf6 27. h3 b6 28. Ne3 {[%cal Rd3f5]} c5 29. Nxf5 cxd4 30. c4 Bxf5 31. Bxf5 Rc5 32. Rxc5 bxc5 33. Bg4 Re8 34. Rd1 Kg8 35. b4 h5 $132 {[%mdl 2048] Black is not keeping still} 36. Bf3 Ne6 37. Qa4 Re7 {The position is equal.} 38. bxc5 Nxc5 39. Qb5 Qd6 40. Bxh5 d3 41. Bf3 Qd4 42. Qb4 Kg7 43. g3 Re6 44. Qd2 Kg6 45. Kg2 Rb6 46. h4 gxh4 47. gxh4 Qxh4 {Hoping for ...Kg7.} 48. Rh1 Qg5+ 49. Qxg5+ Kxg5 $11 {[%mdl 4096] Endgame KRB-KRN} 50. Rh5+ Kf4 51. Rxc5 {[#] Black must now prevent Bh5. KRB-KR} Rg6+ 52. Kf1 {Strongly threatening Bh5.} Kxf3 {KR-KR} 53. Re5 Rd6 54. Re3+ Kf4 {[#] Threatens to win with ...d2.} 55. Ke1 Rd4 56. c5 f5 57. c6 Rc4 58. Rxd3 Rxc6 59. Ra3 a6 60. Ra4+ Kf3 61. Ra3+ Kg4 62. Rg3+ Kf4 63. Ra3 Rb6 64. Ra4+ Kf3 65. Ra3+ Kg4 66. Rg3+ Kh4 67. Rf3 Rb5 68. Ra3 a5 69. Ke2 Kg4 70. Rg3+ Kf4 {...Rb2+ is the strong threat.} 71. Rf3+ Ke4 72. Re3+ Kd4 73. Ra3 Rc5 74. Kf3 Rc3+ 75. Rxc3 Kxc3 {KPP-KPP} 76. Kf4 a4 {And now ...Kb2 would win.} 77. Kxf5 {KPP-KP} Kb2 78. f4 Kxa2 {KP-KP} 79. Kg6 Kb3 (79... a3 $5 80. f5 $8 Kb2 $11) 80. f5 a3 81. f6 a2 82. f7 a1=Q {( -> ...Qh8)} 83. f8=Q Qg1+ 84. Kh7 Qh2+ 85. Qh6 Qe5 86. Qg7 {Precision: White = 81%, Black = 78%.} 1/2-1/2

[Event "Negros Open 2017"]
[Site "Bacolod City"]
[Date "2017.10.16"]
[Round "6"]
[White "Grigoryan, Karen H"]
[Black "Nguyen, Duc Hoa"]
[Result "1-0"]
[WhiteElo "2586"]
[BlackElo "2499"]
[Annotator "TA"]
[PlyCount "73"]
[EventDate "2017.??.??"]
[EventType "swiss"]
[EventCountry "PHI"]
[SourceTitle "playchess.com"]
[Source "ChessBase"]
[SourceQuality "1"]

{[%evp 14,73,27,27,37,37,45,41,46,38,42,37,44,50,53,39,42,33,30,48,44,44,45,33,47,43,53,10,15,8,5,9,15,18,50,49,45,36,65,38,35,15,162,163,287,234,243,220,392,237,260,229,612,612,618,641,29987,29988,29988,29989,29990,29991]} 1. g3 d5 2. Nf3 g6 3. Bg2 Bg7 4. O-O Nf6 5. c4 c6 6. b3 O-O 7. Bb2 a5 8. Nc3 Bg4 {A11: English Opening: 1...c6} (8... Ne4 9. Na4 Bxb2 10. Nxb2 Na6 11. d3 Nf6 12. cxd5 Nxd5 13. Qd2 Bg4 14. Nc4 Bxf3 15. Bxf3 Nc5 16. d4 {½-½ (72) Anton Guijarro,D (2650)-Vidit,S (2689) Doha 2016}) 9. d4 Bxf3 10. Bxf3 e6 {White is slightly better.} 11. Qc2 $146 ({Predecessor:} 11. e3 Nbd7 12. Bg2 Qe7 13. f4 Rfd8 14. Qe2 Ne8 15. Rfc1 a4 16. Rab1 axb3 17. axb3 f5 18. c5 Nc7 19. Ra1 {½-½ (19) Antipov,M (2538)-Ali Marandi,C (2422) Khanty-Mansiysk 2015}) 11... Nbd7 12. Rad1 Qb6 13. e3 Rfe8 14. a3 Rac8 15. Bg2 Qa6 16. Rfe1 Qa7 17. Qb1 Rcd8 18. h3 Ra8 19. g4 h6 20. f4 a4 21. cxd5 exd5 22. Nxa4 Ne4 23. Qc2 Re6 24. f5 gxf5 25. gxf5 Ree8 26. Bxe4 $1 Rxe4 27. Nc3 Re7 (27... Rh4 $11 {and Black is okay.}) 28. Kh1 $18 Rae8 (28... Kh8 $142 29. e4 dxe4) 29. Qg2 {Hoping for f6!} Kh7 30. Rg1 {[%csl Gg1][%cal Rg2g7]} Bf6 $2 (30... Rg8) 31. Bc1 Qb8 {[#]} 32. Qf3 $1 $40 {[%mdl 128] White wants a kill.} Qd6 $2 (32... Rg8 33. Rxg8 Qxg8) 33. Qh5 Bg7 {[#]} 34. e4 $1 {[%mdl 512] Rxg7+! is the strong threat.} dxe4 {[#] and if ...e3 works, Black does fine.} 35. Rxg7+ $1 {White mates.} Kxg7 36. Rg1+ Kh7 {[#]} 37. Nxe4 $1 {[%mdl 512] Precision: White = 52%, Black = 51%.} 1-0